| 000 | 00606nam a22001817a 4500 | ||
|---|---|---|---|
| 003 | IT-RoPau | ||
| 005 | 20220918175939.0 | ||
| 008 | 130129b xxu||||| |||| 00| 0 eng d | ||
| 040 | _cIT-RoPau | ||
| 100 |
_aCollesei , Gabriella _9293 |
||
| 245 |
_aTecla Merlo _bMille vite per il Vangelo |
||
| 250 | _aII | ||
| 260 |
_aMilano _bFSP _c2003 |
||
| 300 |
_a45 p. _c18,5 cm |
||
| 490 |
_aPaoline _vI |
||
| 520 | _aIndice Castagnito - Teresa Alba - Don Alberione Susa - <> Roma - Apostolato e spiritualità Il mondo - L'umanità Roma - L'offerta Albano - La malattia Il paradiso - La meta | ||
| 942 |
_2ddc _cBK |
||
| 999 |
_c37868 _d37868 |
||